000 01044nam a22003137a 4500
003 CHAP
005 20220329135728.0
008 971013s1982 r 00010 d
010 _a41205
011 _a42177
035 _a46304
040 _cCHAP
082 _a036
_bE57 1982
245 _aEncyclopedia of the Third World
260 _aLondon :
_bMansell,
_c1982
300 _a3 v.
590 _aBATCH-UPD
_b10
_c20130110
_lUCH01
_h0023
590 _aBATCH-UPD
_b10
_c20130110
_lUCH01
_h2121
590 _aBATCH-UPD
_b10
_c20130410
_lUCH01
_h1431
590 _aBATCH-UPD
_b10
_c20130914
_lUCH01
_h1710
590 _aCONVERSION
_b10
_c20130109
_lUCH01
_h1323
650 1 4 _aPaĆ­ses subdesarrollados
_xEnciclopedias y diccionarios.
_985155
700 0 _aKurian, George Thomas.
_964111
901 _aBK
942 _cLIBRO
949 _a036 E57 1982
_bBC
_cC
_d33724000426698
_eC
_fv.3
_h59224
_i46304
_si
949 _a036 E57 1982
_bBC
_cC
_d33724000426706
_eC
_fv.2
_h59223
_i46304
_si
949 _a036 E57 1982
_bBC
_cC
_d33724000426714
_eC
_fv.1
_h59222
_i46304
_si
999 _c41205
_d41205